| 000 | 00485nam a22001697a 4500 | ||
|---|---|---|---|
| 005 | 20251108171021.0 | ||
| 008 | 250721s2001 xx 000 0 ara d | ||
| 082 | 1 | 4 | _a410.7/وحش |
| 100 | 1 |
_aالوحش، إبراهيم _eجامع |
|
| 245 | 1 | 0 | _aلسان الضاد / |
| 264 | 1 |
_aعمان : _bدار اشراق، _c2001. |
|
| 650 | 1 | 7 | _aاللغة العربية |
| 650 | 1 | 7 | _aاللغات |
| 650 | 1 | 7 | _aابحاث اللغة العربية |
| 942 |
_2ddc _cBK |
||
| 999 |
_c54479 _d54479 |
||